000 01020cam a2200349 i 4500
001 0000658
003 DO-SdBPM
005 20250709105949.0
007 0000658
008 100514s2002 sp | 000 f spa
015 _a
017 _a
_b
020 _a8437223903
035 _a
040 _a DO-SdBPM
_bspa
_cBPMSU
_e rda
080 _a
082 4 _a613.9071
_bP256g 2002
_222
100 1 _aParnell, Kerry
_eautor
245 1 0 _aGuía del sexo para chicas listas /
_cKerry Parnell
264 _aMadrid :
_bSantillana ediciones generales,
_c2002
300 _a171 págianas :
_c18 cm
336 _atexto
_btxt
_2rdacontent
337 _asin mediación
_bn
_2rdamesia
338 _avolumen
_bnc
_2reacarrier
500 _aIncluye índice temático.
590 _aInventariado, 2025/VM
650 7 _aEducación sexual para adolescentes
_vguías
650 7 _aSexo (Psicología)
650 7 _aAmor
_xAspectos psicológicos.
910 _aVMateo V. Control de dalidad. BPMSU
942 _2ddc
_cBK
999 _c11328
_d11328